[Event "Titled Tuesday intern op 27th Aug Early"]
[Site "Chess.com INT"]
[Date "2024.08.27"]
[Round "7"]
[White "Dubreuil, Julien"]
[Black "Radibratovic, Predrag"]
[Result "1-0"]
[WhiteElo "2096"]
[BlackElo "2324"]
[PlyCount "95"]
[EventDate "2024.08.27"]
[EventType "swiss (blitz)"]
[EventRounds "11"]
[EventCountry "USA"]
[SourceTitle "EXT 2025"]
[Source "ChessBase"]
[SourceDate "2024.10.14"]
[SourceVersion "1"]
[SourceVersionDate "2024.10.14"]
[SourceQuality "1"]

1. e4 c6 2. Nf3 d5 3. exd5 cxd5 4. Ne5 Nc6 5. d4 Nf6 6. c3 g6 7. Bb5 Bd7 8. Bd3 Bg7 9. Nd2 0-0 10. 0-0 Nxe5 11. dxe5 Ne8 12. Re1 Nc7 13. h4 h5 14. Qc2 Qc8 15. Nf3 Bf5 16. Bxf5 Qxf5 17. Qxf5 gxf5 18. Bg5 e6 19. Nd4 a6 20. Ne2 Kh7 21. Nf4 Bh6 22. Nxh5 Bxg5 23. hxg5 Kg6 24. Nf6 Rh8 25. f4 Rh4 26. g3 Rh3 27. Kg2 Rah8 28. Rh1 Rxh1 29. Rxh1 Rxh1 30. Kxh1 a5 31. Kg2 Na6 32. Nd7 b5 33. Kf2 Kh5 34. Nf6+ Kg6 35. Ke3 Nc5 36. b3 Kg7 37. Kd4 Ne4 38. Nxe4 dxe4 39. g4 Kf8 40. gxf5 exf5 41. c4 b4 42. c5 Ke7 43. c6 Ke6 44. Kc4 Ke7 45. c7 Kd7 46. e6+ fxe6 47. g6 Kxc7 48. g7 1-0

[Event "Titled Tuesday intern op 27th Aug Early"]
[Site "Chess.com INT"]
[Date "2024.08.27"]
[Round "9"]
[White "Herman, Daniel"]
[Black "Radibratovic, Predrag"]
[Result "0-1"]
[WhiteElo "1925"]
[BlackElo "2324"]
[PlyCount "146"]
[EventDate "2024.08.27"]
[EventType "swiss (blitz)"]
[EventRounds "11"]
[EventCountry "USA"]
[SourceTitle "EXT 2025"]
[Source "ChessBase"]
[SourceDate "2024.10.14"]
[SourceVersion "1"]
[SourceVersionDate "2024.10.14"]
[SourceQuality "1"]

1. c4 c6 2. d4 d5 3. cxd5 cxd5 4. Bg5 Nc6 5. Nc3 h6 6. Bh4 Nf6 7. Bxf6 gxf6 8. e3 e6 9. g3 Qb6 10. Qd2 Bd7 11. Nge2 Na5 12. b3 Rc8 13. Bg2 Bb4 14. 0-0 Bb5 15. Qb2 Bd3 16. Rfc1 0-0 17. Nf4 Bh7 18. Ncxd5 exd5 19. Nxd5 Rxc1+ 20. Rxc1 Qd6 21. Qe2 Nc6 22. Qb5 Ba3 23. Rc3 Bb2 24. Rc4 Bd3 25. Qxb7 Na5 26. Qxa7 Nxc4 27. bxc4 Bxc4 28. Qb7 Rb8 29. Nxf6+ Kh8 30. Qf3 Ba3 31. h4 Rb1+ 32. Kh2 Qe6 33. Qa8+ Kg7 34. Nh5+ Kg6 35. Nf4+ Kf6 36. Nxe6 Bxe6 37. Qf3+ Kg7 38. Qf4 Be7 39. Qe5+ Bf6 40. Qe4 Rb2 41. d5 Bd7 42. a4 Rxf2 43. d6 Ra2 44. Qd5 Be6 45. Qe4 Bd7 46. g4 Rxa4 47. Qxa4 Bxa4 48. Kg3 Be5+ 49. Kh3 Bxd6 50. Bf3 Kf6 51. h5 Kg5 52. Be2 Bc5 53. e4 Kf4 54. Bc4 f6 55. Be6 Bc2 56. Bf5 Bxe4 57. Bxe4 Kxe4 58. Kg3 Bd6+ 59. Kh3 Kf4 60. Kh4 Bc5 61. Kh3 Bf2 62. Kg2 Kxg4 63. Kxf2 Kxh5 64. Kf3 Kg5 65. Kg3 f5 66. Kh3 h5 67. Kg2 h4 68. Kf2 Kg4 69. Kg2 f4 70. Kh1 f3 71. Kg1 Kg3 72. Kf1 f2 73. Ke2 Kg2 0-1

[Event "Titled Tuesday intern op 27th Aug Early"]
[Site "Chess.com INT"]
[Date "2024.08.27"]
[Round "11"]
[White "Radibratovic, Predrag"]
[Black "Charvi, A."]
[Result "1-0"]
[WhiteElo "2324"]
[BlackElo "1944"]
[PlyCount "99"]
[EventDate "2024.08.27"]
[EventType "swiss (blitz)"]
[EventRounds "11"]
[EventCountry "USA"]
[SourceTitle "EXT 2025"]
[Source "ChessBase"]
[SourceDate "2024.10.14"]
[SourceVersion "1"]
[SourceVersionDate "2024.10.14"]
[SourceQuality "1"]

1. d4 Nf6 2. Bg5 g6 3. Bxf6 exf6 4. e3 Bg7 5. Nd2 f5 6. g3 0-0 7. Bg2 d5 8. Ne2 c5 9. c3 Nc6 10. dxc5 Ne5 11. 0-0 Nd3 12. Qc2 Nxc5 13. Nb3 Ne4 14. Rad1 Be6 15. Nf4 a5 16. Nd4 Bc8 17. a4 g5 18. Nd3 h5 19. Qe2 h4 20. Qh5 hxg3 21. hxg3 Qf6 22. Bf3 Bd7 23. Nb5 Bxb5 24. axb5 Rfe8 25. Kg2 Qh6 26. Qxh6 Bxh6 27. Rh1 Bg7 28. Bxe4 dxe4 29. Nc5 Re7 30. Rd5 f4 31. gxf4 gxf4 32. exf4 e3 33. fxe3 Rxe3 34. Rf1 a4 35. Nxb7 a3 36. bxa3 Rxa3 37. Rd8+ Kh7 38. Rh1+ Kg6 39. Rd6+ f6 40. Rg1 Rexc3 41. Kh2+ Kh6 42. Rd2 Rh3+ 43. Kg2 Rhg3+ 44. Kf1 Raf3+ 45. Rf2 Rxg1+ 46. Kxg1 Rb3 47. Nd6 Bf8 48. Ne4 f5 49. Rh2+ Kg7 50. Ng5 1-0

[Event "Titled Tuesday intern op 27th Aug Early"]
[Site "Chess.com INT"]
[Date "2024.08.27"]
[Round "8"]
[White "Radibratovic, Predrag"]
[Black "Venkatesh, Narayan"]
[Result "1-0"]
[WhiteElo "2324"]
[BlackElo "2116"]
[PlyCount "95"]
[EventDate "2024.08.27"]
[EventType "swiss (blitz)"]
[EventRounds "11"]
[EventCountry "USA"]
[SourceTitle "EXT 2025"]
[Source "ChessBase"]
[SourceDate "2024.10.14"]
[SourceVersion "1"]
[SourceVersionDate "2024.10.14"]
[SourceQuality "1"]

1. d4 Nf6 2. Bg5 d5 3. Bxf6 gxf6 4. e3 c5 5. c3 Nc6 6. Nd2 cxd4 7. cxd4 Bf5 8. a3 e6 9. Ngf3 Bd6 10. Be2 Qb6 11. Qb3 Qxb3 12. Nxb3 Ke7 13. Rc1 Rhc8 14. Kd2 h6 15. Rc3 a5 16. Rhc1 a4 17. Nc5 Na5 18. Nxa4 Rc6 19. Rxc6 bxc6 20. Nc5 Bxc5 21. Rxc5 Nb3+ 22. Kc3 Nxc5 23. dxc5 e5 24. Nd2 Ra4 25. Bd1 Ra5 26. Nb3 Ra7 27. Nd2 Ke6 28. Be2 Rd7 29. b4 d4+ 30. exd4 exd4+ 31. Kc4 Ke5 32. Nf3+ Ke4 33. Nd2+ Ke5 34. g3 Be6+ 35. Kd3 Bf5+ 36. Kc4 d3 37. f4+ Ke6 38. Bf3 Ra7 39. Kb3 Kd7 40. a4 Be6+ 41. Ka3 Bd5 42. Bg4+ Ke7 43. Bf5 Kf8 44. Bxd3 Rd7 45. Bf5 Rd8 46. Nb3 Bc4 47. Na5 Bd3 48. Bg4 1-0

[Event "Titled Tuesday intern op 20th Feb Early"]
[Site "Chess.com INT"]
[Date "2024.02.20"]
[Round "7"]
[White "Martin Barcelo, Carles"]
[Black "Radibratovic, Predrag"]
[Result "1-0"]
[WhiteElo "2241"]
[BlackElo "2324"]
[PlyCount "107"]
[EventDate "2024.02.20"]
[EventType "swiss (blitz)"]
[EventRounds "11"]
[EventCountry "USA"]
[SourceTitle "EXT 2025"]
[Source "ChessBase"]
[SourceDate "2024.10.14"]
[SourceVersion "1"]
[SourceVersionDate "2024.10.14"]
[SourceQuality "1"]

1. Nf3 d5 2. g3 c6 3. Bg2 Nf6 4. 0-0 Bf5 5. b3 e6 6. Bb2 h6 7. d3 Be7 8. Nbd2 0-0 9. Qe1 Nbd7 10. e4 dxe4 11. dxe4 Bh7 12. Ne5 Nxe5 13. Bxe5 Qa5 14. Nc4 Qxe1 15. Rfxe1 Nd7 16. Bd6 Rfe8 17. Bxe7 Rxe7 18. Rad1 Nb6 19. Nd6 e5 20. c4 Rd8 21. c5 Nc8 22. Nxb7 Rxd1 23. Rxd1 Kf8 24. Bh3 Rxb7 25. Rd8+ Ke7 26. Rxc8 Bxe4 27. Bg2 Bxg2 28. Kxg2 Kd7 29. Rf8 Ke6 30. Rd8 Rc7 31. Rd6+ Ke7 32. Kf3 f6 33. Ke4 g6 34. g4 Kf7 35. h4 a5 36. h5 Kg7 37. f3 Kf7 38. Ke3 Kg7 39. Rd8 a4 40. b4 a3 41. Rb8 gxh5 42. gxh5 f5 43. Rb6 Kf6 44. b5 Kg5 45. Rxc6 Rd7 46. b6 f4+ 47. Ke4 Rd4+ 48. Kxe5 Rb4 49. Rc7 Rb2 50. b7 Kxh5 51. c6 Kh4 52. Rc8 Kg3 53. b8Q Rxb8 54. Rxb8 1-0

[Event "Titled Tuesday intern op 20th Feb Early"]
[Site "Chess.com INT"]
[Date "2024.02.20"]
[Round "1"]
[White "Radibratovic, Predrag"]
[Black "Coe, William R"]
[Result "1/2-1/2"]
[WhiteElo "2324"]
[BlackElo "2078"]
[PlyCount "90"]
[EventDate "2024.02.20"]
[EventType "swiss (blitz)"]
[EventRounds "11"]
[EventCountry "USA"]
[SourceTitle "EXT 2025"]
[Source "ChessBase"]
[SourceDate "2024.10.14"]
[SourceVersion "1"]
[SourceVersionDate "2024.10.14"]
[SourceQuality "1"]

1. d4 d5 2. Bf4 e6 3. e3 Nf6 4. c4 Be7 5. Nc3 0-0 6. Nf3 b6 7. Be2 dxc4 8. Bxc4 Bb7 9. 0-0 c5 10. dxc5 Bxc5 11. Qxd8 Rxd8 12. Rfd1 Nc6 13. a3 Rxd1+ 14. Rxd1 Rd8 15. Rxd8+ Nxd8 16. b4 Be7 17. h3 h6 18. Kf1 Kf8 19. Ke2 Ke8 20. Ne5 Nc6 21. Nxc6 Bxc6 22. g4 Kd7 23. f3 Bd6 24. Bxd6 Kxd6 25. f4 Ne4 26. Nxe4+ Bxe4 27. h4 f6 28. g5 hxg5 29. hxg5 e5 30. gxf6 gxf6 31. Kf2 exf4 32. exf4 Bc2 33. Ke3 Bf5 34. Kd4 Bc2 35. Bf7 Bb1 36. Bh5 Bf5 37. Bf3 Bd7 38. Bd5 Bb5 39. Bc4 Bc6 40. Bd3 Bd7 41. Be4 Bb5 42. Bd5 Ba6 43. Be4 Bb5 44. Bf5 Ba6 45. Be4 Bb5 1/2-1/2

[Event "Titled Tuesday intern op 23rd Jan Early"]
[Site "Chess.com INT"]
[Date "2024.01.23"]
[Round "6"]
[White "Hua, Lefong"]
[Black "Radibratovic, Predrag"]
[Result "1-0"]
[WhiteElo "2305"]
[BlackElo "2324"]
[PlyCount "65"]
[EventDate "2024.01.23"]
[EventType "swiss (blitz)"]
[EventRounds "11"]
[EventCountry "USA"]
[SourceTitle "EXT 2025"]
[Source "ChessBase"]
[SourceDate "2024.10.14"]
[SourceVersion "1"]
[SourceVersionDate "2024.10.14"]
[SourceQuality "1"]

1. d4 d5 2. c4 c6 3. Nf3 Nf6 4. Nc3 Bf5 5. cxd5 Nxd5 6. g3 e6 7. Bg2 Nxc3 8. bxc3 Be4 9. 0-0 Be7 10. Nd2 Bxg2 11. Kxg2 0-0 12. Nf3 Nd7 13. Rb1 b5 14. e4 Nb6 15. Qe2 Rc8 16. h4 Bf6 17. Ba3 Be7 18. Bxe7 Qxe7 19. e5 Nd5 20. Rbc1 a6 21. Ng5 h6 22. Ne4 Rfd8 23. Nd6 Rxd6 24. exd6 Qxd6 25. c4 Nf6 26. Qe5 Qd7 27. Rc2 b4 28. Rb1 Rb8 29. Rcb2 Rc8 30. Rxb4 Ng4 31. Qf4 Nf6 32. Rb8 Kh7 33. R1b7 1-0

[Event "Titled Tuesday intern op 23rd Jan Early"]
[Site "Chess.com INT"]
[Date "2024.01.23"]
[Round "3"]
[White "Koridze, Lile"]
[Black "Radibratovic, Predrag"]
[Result "1-0"]
[WhiteElo "2152"]
[BlackElo "2324"]
[PlyCount "139"]
[EventDate "2024.01.23"]
[EventType "swiss (blitz)"]
[EventRounds "11"]
[EventCountry "USA"]
[SourceTitle "EXT 2025"]
[Source "ChessBase"]
[SourceDate "2024.10.14"]
[SourceVersion "1"]
[SourceVersionDate "2024.10.14"]
[SourceQuality "1"]

1. d4 d5 2. c4 c6 3. Nf3 Nf6 4. e3 Bf5 5. Nc3 e6 6. Nh4 Bg6 7. Qb3 Qb6 8. Nxg6 hxg6 9. h3 Nbd7 10. Bd3 dxc4 11. Bxc4 Qxb3 12. Bxb3 Be7 13. 0-0 0-0 14. e4 Rfe8 15. Be3 Bb4 16. Bc2 Nb6 17. Rad1 Rad8 18. Rfe1 Bf8 19. Bg5 Be7 20. Bb3 Nh5 21. Bxe7 Rxe7 22. g3 Nf6 23. a4 a5 24. Kg2 Red7 25. e5 Ne8 26. Ne2 Nc7 27. Rc1 Ncd5 28. Rc5 Ra8 29. Nc3 Nb4 30. Rd1 Rdd8 31. Ne4 Nc8 32. Rcc1 Nd5 33. Nc5 Rb8 34. Bxd5 Rxd5 35. Rd3 Ne7 36. Rb3 b6 37. Na6 Rb7 38. Nc5 Rb8 39. Na6 Rbd8 40. Rxb6 Rxd4 41. Nc5 Rd2 42. b3 Nd5 43. Rxc6 Ne3+ 44. Kg1 Nf5 45. Ne4 Re2 46. Rc8 Rf8 47. Nd6 Rd2 48. Rxf8+ Kxf8 49. Rc8+ Ke7 50. Rc7+ Kd8 51. Rxf7 Nxd6 52. exd6 Rxd6 53. Rxg7 Rb6 54. Rxg6 Ke7 55. Rg5 Rxb3 56. Rxa5 Kf6 57. Kg2 Rb2 58. h4 Rb4 59. h5 Rb1 60. g4 Rb4 61. Kg3 Rb3+ 62. f3 Rb1 63. g5+ Kf7 64. Ra7+ Kf8 65. h6 Rh1 66. h7 e5 67. Ra8+ Kg7 68. h8Q+ Rxh8 69. Rxh8 Kxh8 70. a5 1-0

[Event "Titled Tuesday intern op 23rd Jan Early"]
[Site "Chess.com INT"]
[Date "2024.01.23"]
[Round "4"]
[White "Radibratovic, Predrag"]
[Black "Mirzanurov, Bulat"]
[Result "1-0"]
[WhiteElo "2324"]
[BlackElo "2232"]
[PlyCount "113"]
[EventDate "2024.01.23"]
[EventType "swiss (blitz)"]
[EventRounds "11"]
[EventCountry "USA"]
[SourceTitle "EXT 2025"]
[Source "ChessBase"]
[SourceDate "2024.10.14"]
[SourceVersion "1"]
[SourceVersionDate "2024.10.14"]
[SourceQuality "1"]

1. d4 d5 2. Bf4 Nf6 3. e3 c5 4. c3 Nc6 5. Nd2 Bf5 6. Ngf3 h6 7. h3 e6 8. Be2 Bd6 9. Bxd6 Qxd6 10. 0-0 0-0 11. Bb5 Nd7 12. a3 a6 13. Bxc6 Qxc6 14. b4 c4 15. a4 b5 16. a5 f6 17. Re1 e5 18. Qe2 e4 19. Nh2 Be6 20. f3 f5 21. fxe4 fxe4 22. Rf1 Nf6 23. Rf2 Rf7 24. Raf1 Raf8 25. Rf4 Qd7 26. g4 Nh7 27. Rxf7 Rxf7 28. Rxf7 Qxf7 29. Qf2 Ng5 30. Qxf7+ Kxf7 31. Kg2 Nh7 32. h4 Nf6 33. Kg3 Nd7 34. Kf4 Nf8 35. Ndf1 Kf6 36. g5+ hxg5+ 37. hxg5+ Ke7 38. Ng4 Ng6+ 39. Kg3 Kf7 40. Ne5+ Nxe5 41. dxe5 Kg6 42. Kf4 Kf7 43. Ng3 g6 44. Ne2 Bd7 45. Nd4 Ke7 46. Ne2 Be6 47. Kg3 Bf5 48. Nf4 Bc8 49. Nxd5+ Ke6 50. Nf4+ Kxe5 51. Nxg6+ Ke6 52. Kf4 Bb7 53. Ne5 Bd5 54. Ng4 Bc6 55. Nf6 Kf7 56. Nxe4 Kg6 57. Nc5 1-0

[Event "Titled Tuesday intern op 23rd Jan Early"]
[Site "Chess.com INT"]
[Date "2024.01.23"]
[Round "1"]
[White "Radibratovic, Predrag"]
[Black "Rustamov, Rustam"]
[Result "0-1"]
[WhiteElo "2324"]
[BlackElo "2261"]
[PlyCount "102"]
[EventDate "2024.01.23"]
[EventType "swiss (blitz)"]
[EventRounds "11"]
[EventCountry "USA"]
[SourceTitle "EXT 2025"]
[Source "ChessBase"]
[SourceDate "2024.10.14"]
[SourceVersion "1"]
[SourceVersionDate "2024.10.14"]
[SourceQuality "1"]

1. d4 Nf6 2. Bg5 d5 3. Bxf6 exf6 4. e3 Bd6 5. Nd2 0-0 6. g3 Be6 7. Bg2 c6 8. Ne2 Nd7 9. Rc1 Re8 10. 0-0 Rc8 11. c4 dxc4 12. Nxc4 Bc7 13. a3 Nb6 14. Na5 Rb8 15. b4 Nd5 16. Nc3 Nxc3 17. Rxc3 Bxa5 18. bxa5 Qxa5 19. Qc2 g6 20. Ra1 Rbd8 21. Rc5 Qc7 22. a4 Qd7 23. a5 Bf5 24. Qb3 Be4 25. Bxe4 Rxe4 26. Rb1 Re7 27. Qc4 a6 28. Qb4 Kg7 29. h4 h5 30. Kg2 Rde8 31. Rb3 Qg4 32. Qc4 Qe4+ 33. Kg1 Qg4 34. Kg2 Qd7 35. Qb4 f5 36. Rc2 Qd5+ 37. Kg1 f4 38. gxf4 Qf3 39. Rc5 Qg4+ 40. Kf1 Qxh4 41. Rg5 Qh1+ 42. Ke2 h4 43. Rb1 Qh2 44. Kf1 h3 45. Rg3 Rxe3 46. Rxe3 Rxe3 47. fxe3 Qg2+ 48. Ke1 h2 49. Kd1 h1Q+ 50. Qe1 Qxe1+ 51. Kxe1 Qh1+ 0-1